000 00289nam a22001337a 4500
008 170620b xxu||||| |||| 00| 0 eng d
020 _a080184133-X
041 _aeng
080 _a32
100 _a20
101 _aSHP
245 _aEXPORTING DEMOCRACY
_cLOWENTHAL,A.F
942 _2udc
_cBK
999 _c18223
_d18223